Capital-Intensive Industries in Newly Industrializing Countries <The> Case of the Brazilian Automobile and Steel Industries

Salvato in:
Dettagli Bibliografici
Autore principale: Fischer, Bernhard
Natura: Libro
Lingua:inglese
Pubblicazione: Tübingen Mohr 1988
Edizione:1. Aufl.
Serie:Kieler Studien 221
Tags: Aggiungi Tag
Nessun Tag, puoi essere il primo ad aggiungerne!!

MARC

LEADER 00000nam a2200000 4500
001 c039493
005 20221219115543.0
041 0 |a eng 
044 |a DE 
245 1 0 |a Capital-Intensive Industries in Newly Industrializing Countries  |b <The> Case of the Brazilian Automobile and Steel Industries  |c Bernhard Fischer 
250 |a 1. Aufl. 
264 1 |a Tübingen  |b Mohr  |c 1988 
300 |a 325 s. 
490 1 |a Kieler Studien  |v 221 
830 0 |a Kieler Studien  |v 221 
100 1 |a Fischer, Bernhard